Kỹ thuật điện tử số /

Các hệ thống đếm và mã; Những khái niệm cơ bản của điện tử số; Đặc tính chuyển mạch của các thiết bị bán dẫn; Các họ logic số; Thiết kế các hệ logic tổ hợp; Các mạch MSI dùng cho thiết kế hệ tổ hợp...

Gardado en:
Detalles Bibliográficos
Autor Principal: Đặng Văn Chuyết, TS.
Formato: Libro
Idioma:Vietnamese
Publicado: Hà Nội : Giáo dục, 2000.
Những chủ đề:
Các nhãn: Engadir etiqueta
Sen Etiquetas, Sexa o primeiro en etiquetar este rexistro!
Thư viện lưu trữ: Mạng thư viện Đại học Đà Nẵng
LEADER 01112cam a2200337 i 4500
001 000047033
003 6557
005 20030916105933.0
008 010306b2000 vm 000 vie
020 |c 16400 
022 |a T 
040 |a IRC  |c IRC  |d IRC 
041 0 |a vie 
082 1 4 |a 621.381  |b ĐĂ-C 
100 1 |a Đặng Văn Chuyết,  |c TS. 
245 0 0 |a Kỹ thuật điện tử số /  |c Đặng Văn Chuyết. 
260 |a Hà Nội :  |b Giáo dục,  |c 2000. 
300 |a 304tr. ;  |c 20,3cm. 
520 3 |a Các hệ thống đếm và mã; Những khái niệm cơ bản của điện tử số; Đặc tính chuyển mạch của các thiết bị bán dẫn; Các họ logic số; Thiết kế các hệ logic tổ hợp; Các mạch MSI dùng cho thiết kế hệ tổ hợp... 
630 0 4 |a Điện tử số. 
650 0 4 |a Điện tử số  |x Kỹ thuật. 
OWN |a DUT 
999 |a From the UDN01 
TYP |a Monograph 
TYP |a Printed language 
980 |a Mạng thư viện Đại học Đà Nẵng